Loading...
Union catalogue of periodicals in the DRDO libraries
| Format: | Printed Book |
|---|---|
| Published: |
DRDO
1993
|
| Series: | 2
|
| Subjects: |
| LEADER | 005550000a22001690004500 | ||
|---|---|---|---|
| 082 | |a 017 N3.2 | ||
| 245 | |a Union catalogue of periodicals in the DRDO libraries | ||
| 260 | |a DRDO | ||
| 260 | |c 1993 | ||
| 490 | |a 2 | ||
| 500 | |a Defence Scientific Information and Documentation Centre, DRDO | ||
| 650 | |a Biography | ||
| 650 | |a Defence Research and Development Organisation | ||
| 650 | |a Union lists | ||
| 942 | |c BK | ||
| 999 | |c 9600 |d 9600 | ||
| 952 | |0 0 |1 0 |4 0 |6 017_N3_200000000000000 |7 0 |8 REF |9 9394 |a MGUL |b MGUL |d 2013-07-16 |l 0 |o 017 N3.2 |p 21379 |r 2013-07-16 |w 2013-07-16 |y REF | ||